000 00772nam a2200217Ia 4500
005 20241216010902.0
008 190212s9999||||xx |||||||||||||| ||und||
020 _a92-75-31539-6
082 _a613
_bM44
100 _aMESA LAGO CARMELO
245 0 _aATENCION DE LA SALUD PARA LOS POBRES EN LA AMERICA LATINA Y EL CARIBE
250 _a1
260 _aESTADOS UNIDOS
_bFUNDACION INTERAMERICANA
_c1992
300 _a257 pag
_c28 cm
341 _h0
490 _v0
_a0
505 _aQUIENESSON LOS POBRES EN AMERICA LATINA Y EL CARIBE, EVALUACION GENERAL DE LA ATENCION DE SALUD Y DEL ACCESO POR LOS POBRES, CINCO ESTUDIOS DE CASOS, RESULTADOS LECCIONESY RECOMENDACIONES NORMATIVAS
541 _aC
_d20-Nov-12
_oSoles
650 _aCIENCIAS APLICADAS
942 _cLIBRO
999 _c26750
_d26750